Understanding global trade.
| Main Author: | |
|---|---|
| Format: | Book |
| Published: |
Cambridge:
Harvard University Press,
2011.
|
| Subjects: |
| LEADER | 00474cam a2200169 7i4500 | ||
|---|---|---|---|
| 001 | 0000028343 | ||
| 005 | 20120927090000.0 | ||
| 020 | 0 | 0 | |a 9780674060784 |
| 090 | 0 | 0 | |a I 382 |b HEL |
| 100 | 1 | 0 | |a Helpman |
| 245 | 1 | 0 | |a Understanding global trade. |
| 260 | 0 | 0 | |a Cambridge: |b Harvard University Press, |c 2011. |
| 300 | # | # | |a 222 p. |
| 650 | 0 | 0 | |a International trade |
| 650 | 0 | 0 | |a Investment, Foreign |
| 650 | 0 | 0 | |a Globalization |
| 999 | |a 0000030743 |b Book |c International |e Business Information Centre | ||


